NFL Quarterbacks 15+ Years at one team - Statistics

General Stats
  • This quiz has been taken 281 times
  • The average score is 7 of 11
Answer Stats
Hint Answer % Correct
Pittsburg Steelers (17) Ben Roethlisberger
96%
Green Bay Packers (16)a Aaron Rodgers
93%
Miami Dolphins (17) Dan Marino
91%
New York Giants (16) Eli Manning
89%
Denver Broncos (16) John Elway
87%
Green Bay Packers (16)b Bart Starr
75%
San Diego Chargers (15) Dan Fouts
47%
Cincinnati Bengals (16) Ken Anderson
46%
Washington Redskins (16*) Sammy Baugh
33%
San Francisco 49ers (17) John Brodie
20%
New England Patriots (16) Steve Grogan
19%
No matching quizzes found
Score Distribution
Percent of People with Each Score
Percentile by Number Answered
Your Score History
You have not taken this quiz